Statistiques concernant Couleurs du Drapeau par Symboles - N°3

Cliquez ici pour prendre le quiz!

Statistiques générales

  • Ce quiz a été pris 103 fois
  • Le résultat moyen est 14 sur 15

Statistiques - réponses

PaysSymboleCouleur% Correct
Pays-BasBande centraleBlanc
100%
Pays-BasBande inférieureBleu
100%
Pays-BasBande supérieureRouge
100%
SuèdeFondBleu
99%
SuèdeCroixJaune
98%
KosovoFondBleu
94%
MauritanieLune et ÉtoileJaune
92%
MauritanieBandes supérieure et inférieureRouge
92%
Kosovo6 étoilesBlanc
89%
MauritanieBande centraleVert
89%
TanzanieTriangle en haut à gaucheVert
87%
KosovoForme du paysOcre
86%
TanzanieTriangle en bas à droiteBleu
85%
TanzanieBande diagonaleNoir
85%
TanzanieContour de la bande diagonaleJaune
84%

Distribution des résultats

Percentile par nombre de réponses

% des personnes avec chaque résultat

Votre développement - résultats

Vous n’avez pas pris ce quiz